Sports Quiz

Random Sports or MLB Quiz
Score 0/100 Timer 12:00
0 Plays Today
Rank Name % Correct
1Wander Franco
80%
2Gavin Lux
75%
9Royce Lewis
75%
15Brendan Rodgers
70%
5Jo Adell
65%
7Casey Mize
65%
8Bobby Witt Jr.
65%
11Cristian Pache
65%
17Forrest Whitley
65%
13Brendan McKay
60%
21Carter Kieboom
60%
23Sixto Sanchez
60%
52Jesus Sanchez
60%
63Deivi Garcia
60%
92Luis Garcia
60%
3Luis Robert
55%
10Nate Pearson
55%
20Joey Bart
55%
4Mackenzie Gore
50%
6Adley Rutschman
50%
12Kyle Tucker
50%
26Julio Rodriguez
50%
45Grayson Rodriguez
50%
16Alex Kirilloff
45%
18Michael Kopech
45%
19Jesus Luzardo
45%
32Ian Anderson
45%
43A.J. Puk
45%
48Nico Hoerner
45%
83Estevan Florial
45%
14Jarred Kelenic
40%
28Matt Manning
40%
35Alec Bohm
40%
37Ke'Bryan Hayes
40%
Rank Name % Correct
39Nolan Gorman
40%
41Nick Madrigal
40%
47Riley Greene
40%
50Hunter Greene
40%
59Evan White
40%
22Andrew Vaughn
35%
33Dustin May
35%
36Kyle Wright
35%
38Nolan Jones
35%
44Sean Murphy
35%
55Jazz Chisholm
35%
24Drew Waters
30%
27Mitch Keller
30%
29Taylor Trammell
30%
31Luis Patino
30%
34Keibert Ruiz
30%
51Heliot Ramos
30%
53Brady Singer
30%
54Brusdar Graterol
30%
67Jasson Dominguez
30%
71Justin Dunn
30%
73Xavier Edwards
30%
91Miguel Amaya
30%
93Andres Gimenez
30%
97Seth Beer
30%
25Dylan Carlson
25%
30JJ Bleday
25%
40Vidal Brujan
25%
42Matthew Liberatore
25%
60Alek Thomas
25%
61Dl Hall
25%
65Ryan Mountcastle
25%
82Brett Baty
25%
86Triston Casas
25%
Rank Name % Correct
94Jonathan India
25%
46CJ Abrams
20%
57Nick Lodolo
20%
68Jordan Groshans
20%
69Brent Honeywell
20%
72Kristian Robinson
20%
76Josiah Gray
20%
79Hans Crouse
20%
80Triston McKenzie
20%
81Ronny Mauricio
20%
85Ryan Rolison
20%
88Jeter Downs
20%
89Spencer Howard
20%
49Logan Gilbert
15%
56Josh Jung
15%
66Hunter Bishop
15%
74Sam Huff
15%
78Trevor Larnach
15%
87Luis Campusano
15%
95Shane Baz
15%
96Corbin Carroll
15%
100Edward Cabrera
15%
58Oneil Cruz
10%
62Marco Luciano
10%
64Shea Langeliers
10%
70Daniel Lynch
10%
75Tarik Skubal
10%
84Monte Harrison
10%
90Bryson Stott
10%
98Tyler Freeman
10%
99Brice Turang
10%
77Jordan Balazovic
5%

You're not logged in!

Compare scores with friends on all Sporcle quizzes.
OR
Log In

Sporcle TV

Today on Sporcle TV


Watch our educational content, quiz creation guides, and fun videos on Sporcle TV.

Show Comments

Extras

Top Quizzes Today


Score Distribution

Paid Content

Your Account Isn't Verified!

In order to create a playlist on Sporcle, you need to verify the email address you used during registration. Go to your Sporcle Settings to finish the process.

Report this User

Report this user for behavior that violates our Community Guidelines.

Details: